000 00325nam a2200145Ia 4500
008 210210b1923 xxu||||| |||| 00| 0 eng d
041 _aeng
082 _a425/253
100 _aRALEGIH (W)
245 _aStyle
260 _aLondon
_bEdward Arnold
_c1923
650 _aStyle
690 _aEnglish Language
906 _a006029
999 _c129010
_d129010